[Event "Golden Sands op-B"]
[Site "Golden Sands"]
[Date "2015.06.14"]
[Round "7"]
[White "Grochtmann, Stephan"]
[Black "Almuneer, Muhammad"]
[Result "1-0"]
[WhiteElo "2118"]
[BlackElo "1510"]
[PlyCount "79"]
[EventDate "2015.06.08"]
[EventType "swiss"]
[EventRounds "9"]
[EventCountry "BUL"]
[SourceTitle "CBM 167 Extra"]
[Source "ChessBase"]
[SourceDate "2015.09.14"]
[SourceVersion "1"]
[SourceVersionDate "2015.09.14"]
[SourceQuality "1"]

1. e4 e5 2. Bc4 Bc5 3. Nc3 Nf6 4. d3 h6 5. f4 exf4 6. Bxf4 d6 7. Nf3 0-0 8. Na4 Bb6 9. Nxb6 axb6 10. 0-0 Nc6 11. a4 Be6 12. Bxe6 fxe6 13. Qd2 e5 14. Be3 Ng4 15. h3 Nxe3 16. Qxe3 Qe7 17. c3 Rf7 18. Nd2 Raf8 19. Qg3 Rxf1+ 20. Nxf1 Qf6 21. Ne3 Qf4 22. Qxf4 exf4 23. Nd5 Rf7 24. d4 Na5 25. Re1 Nc4 26. e5 dxe5 27. dxe5 Kf8 28. e6 Re7 29. Re4 Nxb2 30. Rxf4+ Ke8 31. Nxe7 Kxe7 32. Rf7+ Kxe6 33. Rxg7 Nxa4 34. Rxc7 Nc5 35. Rh7 Kd5 36. Rxh6 b5 37. Rb6 Kc4 38. h4 Ne4 39. h5 Kc5 40. Rxb7 1-0

[Event "Golden Sands op-B"]
[Site "Golden Sands"]
[Date "2015.06.09"]
[Round "2"]
[White "Almuneer, Muhammad"]
[Black "Chidi, Lovinia Sylvia"]
[Result "1/2-1/2"]
[WhiteElo "1510"]
[BlackElo "1793"]
[PlyCount "44"]
[EventDate "2015.06.08"]
[EventType "swiss"]
[EventRounds "9"]
[EventCountry "BUL"]
[SourceTitle "CBM 167 Extra"]
[Source "ChessBase"]
[SourceDate "2015.09.14"]
[SourceVersion "1"]
[SourceVersionDate "2015.09.14"]
[SourceQuality "1"]

1. e4 c6 2. Nf3 d5 3. exd5 cxd5 4. d4 Nf6 5. Bf4 e6 6. Nc3 Bb4 7. Qd3 0-0 8. a3 Bxc3+ 9. Qxc3 Ne4 10. Qc7 Qxc7 11. Bxc7 Bd7 12. c3 Rc8 13. Bf4 Nc6 14. Bd3 Nf6 15. 0-0 h6 16. Rfe1 Na5 17. Nd2 Nc6 18. Nf3 Nh5 19. Bc1 Nf6 20. Bf4 Na5 21. Nd2 Nc6 22. Nf3 Na5 1/2-1/2

[Event "Golden Sands op-B"]
[Site "Golden Sands"]
[Date "2015.06.08"]
[Round "1"]
[White "Mylnikova, Olga"]
[Black "Almuneer, Muhammad"]
[Result "1-0"]
[WhiteElo "2037"]
[BlackElo "1510"]
[PlyCount "68"]
[EventDate "2015.06.08"]
[EventType "swiss"]
[EventRounds "9"]
[EventCountry "BUL"]
[SourceTitle "CBM 167 Extra"]
[Source "ChessBase"]
[SourceDate "2015.09.14"]
[SourceVersion "1"]
[SourceVersionDate "2015.09.14"]
[SourceQuality "1"]

1. e4 e5 2. Nf3 Nc6 3. d4 exd4 4. Nxd4 Bc5 5. Nb3 Bb6 6. Nc3 d6 7. Qe2 h6 8. Be3 Nf6 9. 0-0-0 0-0 10. f3 Be6 11. Bxb6 axb6 12. g4 Nd7 13. f4 Qf6 14. f5 Bxb3 15. cxb3 Qg5+ 16. Kb1 Nf6 17. h3 Rfe8 18. Bg2 Re7 19. Qf2 Ne5 20. Rhg1 h5 21. gxh5 Qxh5 22. Qg3 Qh6 23. Bf3 Nxf3 24. Qxf3 Rae8 25. Rd4 d5 26. Nxd5 Nxd5 27. exd5 Re3 28. Qg4 Rxh3 29. d6 cxd6 30. Rxd6 f6 31. Rd7 g5 32. fxg6 Rh1 33. Qc4+ Kh8 34. g7+ Qxg7 1-0

[Event "KUW-ch"]
[Site "Kuwait"]
[Date "2015.01.31"]
[Round "5"]
[White "Almuneer, Muhammad"]
[Black "Alhassan, Meshari"]
[Result "1-0"]
[WhiteElo "1474"]
[BlackElo "1454"]
[PlyCount "51"]
[EventDate "2015.01.26"]
[EventType "swiss"]
[EventRounds "9"]
[EventCountry "KUW"]
[SourceTitle "CBM 164 Extra"]
[Source "ChessBase"]
[SourceDate "2015.03.02"]
[SourceVersion "1"]
[SourceVersionDate "2015.03.02"]
[SourceQuality "1"]

1. e4 c5 2. Nf3 d6 3. c3 Nc6 4. d4 cxd4 5. cxd4 e6 6. Be2 Nf6 7. Nc3 Be7 8. 0-0 a6 9. a3 0-0 10. b4 Qc7 11. b5 Na7 12. Qb3 axb5 13. e5 Nd7 14. Nxb5 Nxb5 15. Bxb5 b6 16. Bf4 Ba6 17. Rfc1 Qa7 18. exd6 Bf6 19. Rc7 Qb8 20. Bxd7 Ra7 21. Rac1 Rxc7 22. dxc7 Qa8 23. Bd6 Rc8 24. Qxb6 Bb7 25. Bxc8 Qxc8 26. Rb1 1-0

[Event "KUW-ch"]
[Site "Kuwait"]
[Date "2015.01.30"]
[Round "4"]
[White "Alajmi, Abdulrahman"]
[Black "Almuneer, Muhammad"]
[Result "1-0"]
[WhiteElo "1392"]
[BlackElo "1474"]
[PlyCount "73"]
[EventDate "2015.01.26"]
[EventType "swiss"]
[EventRounds "9"]
[EventCountry "KUW"]
[SourceTitle "CBM 164 Extra"]
[Source "ChessBase"]
[SourceDate "2015.03.02"]
[SourceVersion "1"]
[SourceVersionDate "2015.03.02"]
[SourceQuality "1"]

1. d4 d5 2. c4 e6 3. Nf3 Nf6 4. g3 c5 5. dxc5 Bxc5 6. cxd5 Qxd5 7. Qxd5 Nxd5 8. Bg2 Nb4 9. Na3 0-0 10. 0-0 Rd8 11. Bf4 N8c6 12. Rfd1 Nd5 13. Nb5 a6 14. Nc7 Nxc7 15. Rxd8+ Nxd8 16. Bxc7 Be7 17. Rd1 Nc6 18. Nd4 Nxd4 19. Rxd4 Kf8 20. Bd8 Ke8 21. Bb6 Bd7 22. a4 Rc8 23. h4 Rc1+ 24. Kh2 Bc6 25. Bxc6+ Rxc6 26. a5 Rc2 27. Rg4 g6 28. b4 Bd6 29. Rd4 Kd7 30. Bc5 Rxe2 31. Rxd6+ Kc7 32. Kg2 e5 33. Rf6 Rc2 34. Rxf7+ Kc6 35. Rxh7 Rxc5 36. bxc5 Kxc5 37. Rxb7 1-0

[Event "KUW-ch"]
[Site "Kuwait"]
[Date "2015.01.27"]
[Round "2"]
[White "Hashem, Khaled"]
[Black "Almuneer, Muhammad"]
[Result "1-0"]
[WhiteElo "1909"]
[BlackElo "1474"]
[PlyCount "51"]
[EventDate "2015.01.26"]
[EventType "swiss"]
[EventRounds "9"]
[EventCountry "KUW"]
[SourceTitle "CBM 164 Extra"]
[Source "ChessBase"]
[SourceDate "2015.03.02"]
[SourceVersion "1"]
[SourceVersionDate "2015.03.02"]
[SourceQuality "1"]

1. Nf3 d5 2. d4 Nf6 3. c4 e6 4. Nc3 c6 5. e3 Nbd7 6. Be2 Be7 7. 0-0 0-0 8. b3 a5 9. Bb2 dxc4 10. bxc4 Qc7 11. e4 Rd8 12. e5 Ne8 13. Qc2 f5 14. Rfe1 Nf8 15. a3 Ng6 16. Qb3 Nf4 17. Bf1 c5 18. Nb5 Qb6 19. g3 Ng6 20. d5 a4 21. Qc2 exd5 22. cxd5 Kh8 23. d6 Bf8 24. Ng5 Bd7 25. Nf7+ Kg8 26. Qc4 1-0